LEADER 01381nam0 22003011i 450 001 RML0243186 005 20231121125707.0 100 $a20121121d1962 ||||0itac50 ba 101 | $amul 102 $ade 181 1$6z01$ai $bxxxe 182 1$6z01$an 200 1 $aPapyri und Altertumswissenschaft$eVorträge des 3. Internationalen Papyrologentages in München vom 4. bis 7. September 1933$fherausgegeben von Walter Otto und Leopold Wenger 210 $aMünchen $cBeck'sche Verlagsbuchhandlung $d1962 215 $aX, 476 p.$d23 cm 225 | $aMünchener Beiträge zur Papyrusforschung und Antiken Rechtsgeschichte. - München $eBeck 300 $aRist. ed. 1934 410 0$1001RML0331356$12001 $aMünchener Beiträge zur Papyrusforschung und Antiken Rechtsgeschichte. - München $eBeck 700 1$aOtto$b, Walter$3RMLV156677$042696 702 1$aWenger$b, Leopold$c $3RMLV156733 801 3$aIT$bIT-01$c20121121 850 $aIT-FR0017 899 $aBiblioteca umanistica Giorgio Aprea$bFR0017 912 $aRML0243186 950 0$aBiblioteca umanistica Giorgio Aprea$d 52CIS S.Sij.E5.Munch.Beitr.19$e 52VM 0000127595 VM barcode:000000276-10. - Inventario:696 Sijp.VM$fA $h19600101$i20121204 977 $a 52 996 $aPapyri und Altertumswissenschaft$93621013 997 $aUNICAS LEADER 01117nam2 22002773i 450 001 BRI0015946 005 20251003044048.0 100 $a20151202d1975 ||||0itac50 ba 101 | $aita 102 $ait 181 1$6z01$ai $bxxxe 182 1$6z01$an 200 0 $a1$fElio Manzi 210 $aNapoli$c[s.n.]$d1975 215 $a62 p.$d23 cm 300 $aSulla cop.: Con appendice di F. Montesano Berdarelli. 461 1$1001BRI0015945$12001 $aˆL'‰urbanizzazione del paesaggio agrario nel mezzogiorno attraverso la cartografia$emostra cartografia$fElio Manzi 700 1$aManzi$b, Elio$3CFIV028595$4070$034421 702 1$aMontesano Berardelli$b, Fernanda$3MILV011896 801 3$aIT$bIT-000000$c20151202 850 $aIT-BN0095 $aIT-NA0079 $aIT-BN0098 $aIT-NA0097 912 $aBRI0015946 950 2$aBiblioteca Centralizzata di Ateneo$cv. 1$d 01POZZO LIB.F. LANGELLA 24$e 0101 0600182345E VMA (0001 v. 1 (precedente collocazione LG 332)$fB $h20221012$i20221012 977 $a 01$a BN$a CU$a SP 996 $a1$92919752 997 $aUNISANNIO